000 00672nam a2200229Ia 4500
003 OSt
005 20220926013813.0
006 a|||||r|||| 00| 0
007 ta
008 220923b |||||||| |||| 00| 0 eng d
037 _cGeneral Book
040 _aRTL
_cRTL
_beng
041 _2eng
_aeng
082 _aX:8F:(D6,9(B), M2
100 _aWilkinson Joseph W
_9319052
245 0 _aAccounting and information systems
260 _aNew York
_bJohn Wiley U S A
_c1982
300 _axvi, 845p. Bib chapterwise
_ccm.
650 _aAccounts Management
_9232699
942 _hX:8F:(D6,9(B), M2
_cGB
_2CC
999 _c626907
_d626907